000 00443pab a2200157 454500
008 180718b2002 xxu||||| |||| 00| 0 eng d
100 _aSharma, Shiv Dayal
245 _aNature and extent of indebtedness among the tribals and non-tribals in Himachal Pradesh
260 _c2002
300 _ap.145-49
362 _aSep
650 _aTribes - India - Himachal Pradesh
650 _aTribes
773 _aMan and Development
909 _a54587
999 _c54587
_d54587